00320nam a2200133Ia 4500008004100000020001800041041000800059082001500067100001800082245002900100260003100129300000900160650001700169260223s2022 xx 000 0 und d a9789383290451 aeng a616.01/RAH aRahane Sanjay aTextbook Of Microbiology aB.S.B. PunebPV, Pubc2022 a166P aMicrobiology